000 00804nam a2200241 i 4500
001 C2-0128640
003 PPAK
005 20180727120804.0
008 970924s1986 xx |||| ||||| | may d
040 _aPPAK
_beng
_cPPAK
_erda
082 0 4 _a352.09595112
_223
090 0 0 _a352.09595112
_bSAH
_dKK
100 0 _aSahilah bt. Ahmad,
_eauthor
245 1 0 _aSejarah institusi penghulu di Kedah dari tahun 1909-1957
264 1 _a[place of publication not identified] :
_bJabatan Sejarah Universiti Kebangsaan Malaysia ,
_c[1986]
300 _axxi, 213 pages ;
_c22 cm
336 _2rdacontent
_atext
337 _2rdamedia
_aunmediated
338 _2rdacarrier
_avolume
500 _aTesis - Latihan ilmiah ; Bahan tidak boleh difotokopi
650 1 0 _aKedah - Officials and employees
942 _ddc
_cB
999 _c38859
_d38859